Statistics for US / Canada Major League Soccer Champions

Click here to take the quiz!

General Stats

  • This quiz has been taken 41 times
  • The average score is 9 of 15

Answer Stats

winslatestteam% Correct
92014LA Galaxy
100%
22015New York Red Bulls
81%
22016Seattle Sounders FC
81%
22003Chicago Fire
70%
22007Houston Dynamo
68%
12016FC Dallas
62%
12015Portland Timbers
62%
82007DC United
59%
12001Miami Fusion
57%
42009Columbus Crew SC
54%
42012San Jose Earthquakes
54%
32013Sporting Kansas City
51%
12010Colorado Rapids
43%
12009Real Salt Lake
41%
11996Tampa Bay Mutiny
27%

Score Distribution

Percentile by Number Answered

Percent of People with Each Score

Your Score History

You have not taken this quiz